|
|
|
|
| LEADER |
00714cam a2200229 7i4500 |
| 001 |
0000068501 |
| 005 |
20220520090000.0 |
| 020 |
|
|
|a 9780141976983
|
| 090 |
0 |
0 |
|a D210
|b .D27 2018
|
| 100 |
1 |
|
|a Davies, Norman
|
| 245 |
1 |
0 |
|a Beneath another sky :
|b a global journey into history
|c Norman Davies.
|
| 264 |
|
|
|a London:
|b Penguin Books,
|c 2018.
|
| 300 |
|
|
|a 750 pages;
|c 20 cm.
|
| 336 |
|
|
|a text
|2 rdacontent
|
| 337 |
|
|
|a unmediated
|2 rdamedia
|
| 338 |
|
|
|a volume
|2 rdacarrier
|
| 600 |
1 |
0 |
|a Davies, Norman,
|d 1939-
|
| 650 |
|
0 |
|a World history
|
| 650 |
|
0 |
|a History, Modern
|
| 997 |
|
|
|a Selangor Business School
|
| 998 |
|
|
|a Business Administration, Master
|
| 999 |
|
|
|a SBS0000742
|b BOK
|c OPEN SHELF
|e 1st Floor, Bestari Jaya
|